<?xml version="1.0" encoding="UTF-8"?>
<collection xmlns="http://www.loc.gov/MARC21/slim">
 <record>
  <leader>03047nam a2200445 a 4500</leader>
  <controlfield tag="001">1/54337</controlfield>
  <controlfield tag="008">211103m19621970enk           000 | eng d</controlfield>
  <datafield tag="040" ind1=" " ind2=" ">
   <subfield code="a">GR-PeUP</subfield>
  </datafield>
  <datafield tag="082" ind1="0" ind2="0">
   <subfield code="a">909.08 NEW</subfield>
  </datafield>
  <datafield tag="245" ind1="0" ind2="4">
   <subfield code="a">The New Cambridge modern history.</subfield>
  </datafield>
  <datafield tag="260" ind1=" " ind2=" ">
   <subfield code="a">London :</subfield>
   <subfield code="b">Cambridge University Press,</subfield>
   <subfield code="c">1962-1970.</subfield>
  </datafield>
  <datafield tag="300" ind1=" " ind2=" ">
   <subfield code="a">τ. 1-12 (531 · 685 · 598 · 831 · 630 · 947 · 624 · 747 · 748 · 765 · 743 · 602 σ.) ;</subfield>
   <subfield code="c">25 εκ.</subfield>
  </datafield>
  <datafield tag="505" ind1="0" ind2=" ">
   <subfield code="a">Τ. 1 The Renaissance, 1493-1520 / ed. by G. R. Potter. -- τ. 2 The Reformation 1520-1559 / edited by G. R. Elton -- τ. 3 The Counter-Reformation and price revolution, 1559 - 1610 / ed. by R. B. Wernham -- τ. 4 The decline of Spain and the Thirty Years War, 1609-48/59 / ed. by J. P. Cooper -- τ. 5 The ascendancy of France, 1648-88 / edited by F. L. Carsten -- τ. 6 The rise of Great Britain and Russia, 1688-1715/25 / edited by J. S. Bromley. -- τ. 7 The old regime, 1713-63 / ed. by J. O. Lindsay -- τ. 8 The American and French Revolutions 1763-1793 / edited by A. Goodwin -- τ. 9 War and peace in an age of upheaval 1793-1830 / C. W. Crawley -- τ. 10 The Zenith of European Power 1830-70 / edited by J. P. T. Bury -- τ. 11 Material progress and world-wide problems 1870-1898 / F. H. Hinsley -- τ. 12 The Era of Violence 1898-1945 / David Thomson.</subfield>
  </datafield>
  <datafield tag="650" ind1=" " ind2="0">
   <subfield code="a">History, Modern.</subfield>
  </datafield>
  <datafield tag="650" ind1=" " ind2="4">
   <subfield code="a">Ιστορία, Σύγχρονη.</subfield>
  </datafield>
  <datafield tag="852" ind1=" " ind2=" ">
   <subfield code="a">INST</subfield>
   <subfield code="b">UNIPILB</subfield>
   <subfield code="c">MAIN</subfield>
   <subfield code="e">20211103</subfield>
   <subfield code="h">909.08 NEW</subfield>
   <subfield code="p">00186259</subfield>
   <subfield code="q">00186259</subfield>
   <subfield code="t">LOAN</subfield>
   <subfield code="v">τομ.1:</subfield>
   <subfield code="y">0</subfield>
   <subfield code="4">1</subfield>
  </datafield>
  <datafield tag="852" ind1=" " ind2=" ">
   <subfield code="a">INST</subfield>
   <subfield code="b">UNIPILB</subfield>
   <subfield code="c">MAIN</subfield>
   <subfield code="e">20211103</subfield>
   <subfield code="h">909.08 NEW</subfield>
   <subfield code="p">00186260</subfield>
   <subfield code="q">00186260</subfield>
   <subfield code="t">LOAN</subfield>
   <subfield code="v">τομ.2:</subfield>
   <subfield code="y">0</subfield>
   <subfield code="4">1</subfield>
  </datafield>
  <datafield tag="852" ind1=" " ind2=" ">
   <subfield code="a">INST</subfield>
   <subfield code="b">UNIPILB</subfield>
   <subfield code="c">MAIN</subfield>
   <subfield code="e">20211103</subfield>
   <subfield code="h">909.08 NEW</subfield>
   <subfield code="p">00186261</subfield>
   <subfield code="q">00186261</subfield>
   <subfield code="t">LOAN</subfield>
   <subfield code="v">τομ.3:</subfield>
   <subfield code="y">0</subfield>
   <subfield code="4">1</subfield>
  </datafield>
  <datafield tag="852" ind1=" " ind2=" ">
   <subfield code="a">INST</subfield>
   <subfield code="b">UNIPILB</subfield>
   <subfield code="c">MAIN</subfield>
   <subfield code="e">20211103</subfield>
   <subfield code="h">909.08 NEW</subfield>
   <subfield code="p">00186262</subfield>
   <subfield code="q">00186262</subfield>
   <subfield code="t">LOAN</subfield>
   <subfield code="v">τομ.4:</subfield>
   <subfield code="y">0</subfield>
   <subfield code="4">1</subfield>
  </datafield>
  <datafield tag="852" ind1=" " ind2=" ">
   <subfield code="a">INST</subfield>
   <subfield code="b">UNIPILB</subfield>
   <subfield code="c">MAIN</subfield>
   <subfield code="e">20211103</subfield>
   <subfield code="h">909.08 NEW</subfield>
   <subfield code="p">00186263</subfield>
   <subfield code="q">00186263</subfield>
   <subfield code="t">LOAN</subfield>
   <subfield code="v">τομ.5:</subfield>
   <subfield code="y">0</subfield>
   <subfield code="4">1</subfield>
  </datafield>
  <datafield tag="852" ind1=" " ind2=" ">
   <subfield code="a">INST</subfield>
   <subfield code="b">UNIPILB</subfield>
   <subfield code="c">MAIN</subfield>
   <subfield code="e">20211103</subfield>
   <subfield code="h">909.08 NEW</subfield>
   <subfield code="p">00186264</subfield>
   <subfield code="q">00186264</subfield>
   <subfield code="t">LOAN</subfield>
   <subfield code="v">τομ.6:</subfield>
   <subfield code="y">0</subfield>
   <subfield code="4">1</subfield>
  </datafield>
  <datafield tag="852" ind1=" " ind2=" ">
   <subfield code="a">INST</subfield>
   <subfield code="b">UNIPILB</subfield>
   <subfield code="c">MAIN</subfield>
   <subfield code="e">20211103</subfield>
   <subfield code="h">909.08 NEW</subfield>
   <subfield code="p">00186265</subfield>
   <subfield code="q">00186265</subfield>
   <subfield code="t">LOAN</subfield>
   <subfield code="v">τομ.7:</subfield>
   <subfield code="y">0</subfield>
   <subfield code="4">1</subfield>
  </datafield>
  <datafield tag="852" ind1=" " ind2=" ">
   <subfield code="a">INST</subfield>
   <subfield code="b">UNIPILB</subfield>
   <subfield code="c">MAIN</subfield>
   <subfield code="e">20211103</subfield>
   <subfield code="h">909.08 NEW</subfield>
   <subfield code="p">00186266</subfield>
   <subfield code="q">00186266</subfield>
   <subfield code="t">LOAN</subfield>
   <subfield code="v">τομ.8:</subfield>
   <subfield code="y">0</subfield>
   <subfield code="4">1</subfield>
  </datafield>
  <datafield tag="852" ind1=" " ind2=" ">
   <subfield code="a">INST</subfield>
   <subfield code="b">UNIPILB</subfield>
   <subfield code="c">MAIN</subfield>
   <subfield code="e">20211103</subfield>
   <subfield code="h">909.08 NEW</subfield>
   <subfield code="p">00186267</subfield>
   <subfield code="q">00186267</subfield>
   <subfield code="t">LOAN</subfield>
   <subfield code="v">τομ.9:</subfield>
   <subfield code="y">0</subfield>
   <subfield code="4">1</subfield>
  </datafield>
  <datafield tag="852" ind1=" " ind2=" ">
   <subfield code="a">INST</subfield>
   <subfield code="b">UNIPILB</subfield>
   <subfield code="c">MAIN</subfield>
   <subfield code="e">20211103</subfield>
   <subfield code="h">909.08 NEW</subfield>
   <subfield code="p">00186268</subfield>
   <subfield code="q">00186268</subfield>
   <subfield code="t">LOAN</subfield>
   <subfield code="v">τομ.10:</subfield>
   <subfield code="y">0</subfield>
   <subfield code="4">1</subfield>
  </datafield>
  <datafield tag="852" ind1=" " ind2=" ">
   <subfield code="a">INST</subfield>
   <subfield code="b">UNIPILB</subfield>
   <subfield code="c">MAIN</subfield>
   <subfield code="e">20211103</subfield>
   <subfield code="h">909.08 NEW</subfield>
   <subfield code="p">00186269</subfield>
   <subfield code="q">00186269</subfield>
   <subfield code="t">LOAN</subfield>
   <subfield code="v">τομ.11:</subfield>
   <subfield code="y">0</subfield>
   <subfield code="4">1</subfield>
  </datafield>
  <datafield tag="852" ind1=" " ind2=" ">
   <subfield code="a">INST</subfield>
   <subfield code="b">UNIPILB</subfield>
   <subfield code="c">MAIN</subfield>
   <subfield code="e">20211103</subfield>
   <subfield code="h">909.08 NEW</subfield>
   <subfield code="p">00186270</subfield>
   <subfield code="q">00186270</subfield>
   <subfield code="t">LOAN</subfield>
   <subfield code="v">τομ.12:</subfield>
   <subfield code="y">0</subfield>
   <subfield code="4">1</subfield>
  </datafield>
  <datafield tag="853" ind1=" " ind2=" ">
   <subfield code="a">INST</subfield>
   <subfield code="b">UNIPILB</subfield>
   <subfield code="c">MAIN</subfield>
   <subfield code="h">909.08 NEW</subfield>
   <subfield code="l">τομ.12-τομ.1</subfield>
  </datafield>
  <datafield tag="960" ind1=" " ind2=" ">
   <subfield code="a">ΜΑΡΙΑ ΒΕΛ</subfield>
  </datafield>
  <datafield tag="960" ind1=" " ind2=" ">
   <subfield code="a">ΜΑΡΙΑ ΒΕΛ</subfield>
  </datafield>
  <datafield tag="960" ind1=" " ind2=" ">
   <subfield code="a">ΜΑΡΙΑ ΒΕΛ</subfield>
  </datafield>
  <datafield tag="960" ind1=" " ind2=" ">
   <subfield code="a">ΜΑΡΙΑ ΒΕΛ</subfield>
  </datafield>
  <datafield tag="960" ind1=" " ind2=" ">
   <subfield code="a">ΜΑΡΙΑ ΒΕΛ</subfield>
  </datafield>
  <datafield tag="960" ind1=" " ind2=" ">
   <subfield code="a">ΜΑΡΙΑ ΒΕΛ</subfield>
  </datafield>
  <datafield tag="960" ind1=" " ind2=" ">
   <subfield code="a">ΜΑΡΙΑ ΒΕΛ</subfield>
  </datafield>
  <datafield tag="960" ind1=" " ind2=" ">
   <subfield code="a">ΜΑΡΙΑ ΒΕΛ</subfield>
  </datafield>
  <datafield tag="960" ind1=" " ind2=" ">
   <subfield code="a">ΜΑΡΙΑ ΒΕΛ</subfield>
  </datafield>
  <datafield tag="960" ind1=" " ind2=" ">
   <subfield code="a">ΜΑΡΙΑ ΒΕΛ</subfield>
  </datafield>
  <datafield tag="960" ind1=" " ind2=" ">
   <subfield code="a">ΜΑΡΙΑ ΒΕΛ</subfield>
  </datafield>
  <datafield tag="960" ind1=" " ind2=" ">
   <subfield code="a">ΜΑΡΙΑ ΒΕΛ</subfield>
  </datafield>
 </record>
</collection>
